| 000 | 00714nam a22001937a 4500 | ||
|---|---|---|---|
| 005 | 20230524073103.0 | ||
| 008 | 221202b |||||||| |||| 00| 0 eng d | ||
| 082 | _aFil. 650.01 B116 1980 | ||
| 100 |
_aBacani, Alberto C. _eauthor |
||
| 245 |
_aElements of business Mathematics / _cAlberto C. Bacani, Angela A. Julian, Illuminado S. Balatbat |
||
| 250 | _arev. ed. | ||
| 260 |
_aManila: _bConanan Educational Supply [distributor], _cc1980. |
||
| 300 | _aviii, 231p. | ||
| 504 | _aIncludes index | ||
| 541 | _e1557 c.1, 1558 c.2, 1559 c.3, 1560 c.4, 1561 c.5, 3486 c.6, 3487 c.7, 4166 c.8 | ||
| 650 | _aBusiness mathematics | ||
| 700 |
_aJulian, Angela A. _eauthor |
||
| 700 |
_aBalatbat, Illuminado S. _eauthor |
||
| 999 |
_c284 _d284 |
||